| 000 | 00393nam a22001577a 4500 | ||
|---|---|---|---|
| 003 | MACL | ||
| 005 | 20150606155146.0 | ||
| 008 | 150606b xxu||||| |||| 00| 0 eng d | ||
| 040 | _cMACL | ||
| 082 | _a370/GAR | ||
| 100 |
_aGarg, Bhuvan _9148 |
||
| 245 | _aTeaching Of History | ||
| 260 |
_aNew Delhi _bRajat Publications _c2007 |
||
| 650 |
_aEducation _9149 |
||
| 942 |
_2ddc _cBK _h370/GAR |
||
| 999 |
_c49796 _d49796 |
||